| 000 | 00405nam a2200169 4500 | ||
|---|---|---|---|
| 020 | _a9789334829932 | ||
| 082 |
_aM3 _bASH/K |
||
| 100 | _aAshokan charuvil | ||
| 245 |
_aKattoor kadavu/ _cby Ashokan charuvil |
||
| 250 | _a10th ed. | ||
| 260 |
_aKottayam: _bDC books, _c2025. |
||
| 300 | _a376p. | ||
| 650 | _aNovel Malayalam | ||
| 650 | _aLiterature Malayalam | ||
| 650 | _aLiterature | ||
| 942 | _cBK | ||
| 999 |
_c181770 _d181770 |
||